1165 1215 1212 1421 1197 1255 1891 1195 1053 1345 1584 1040 1334 1999 1716 1099 1957 1026 1837 1416 1899 1682 1623 1230 1947 1164 1058 1261 1418 1604 1780 1013 1017 1905 1488 1888 1992 1176 1447 1289 1982 1924 1659 1433 1444 1210 1740 1960 1265 1611 1184 1140 1068 1789 1723 1909 1532 1745 1016 1268 1215 1684 1704 1713 1507 1722 1823 1867 1179 1406 1734 1607 1147 1457 1530 1625 1204 1701 1953 1877 1738 1151 1461 1451 1673 1543 1172 1673 1500 1483 1856 1775 1417 1968 1890 1829 1443 1188 1998 BCNSPRNW ULIB Ver.6.0+V

เปลี่ยนเป็นภาษาไทย

Change to English
 แสดงรายละเอียดบรรณานุกรม
  กลับหน้าหลัก

Brief Record : Get Marc (ISO 2709) : E-mail record : QR code < ปิดหน้าต่าง
LEADER : 00000nam 2200000uu 4500
001    13399113778
003     ULIB
008    111227s2549||||th 000 0 tha d
020    ^a9749412613
090    ^aรส^bอ595น 2549
100 0  ^aอาจอง ชุมสาย ณ อยุธยา,^d2483-
245 10 ^aแนวทางสู่ความสุข :^bบทเรียนแห่งชีวิตในโลกยุคใหม่ /^cอาจอง
250    ^aพิมพ์ครั้งที่ 3
260    ^aกรุงเทพฯ :^bฟรีมายด์,^c2549
300    ^a213 หน้า :^bภาพประกอบ ;^c19 ซม.
650  4 ^aความสุข
650  4 ^aการดำเนินชีวิต
945    ^p180^l0^i24859
995    ^aกัณชพร
999 ^a ใช้งานได้ทุกระบบ
รายการนี้ยังไม่มีแท็ก
คุณยังไม่ได้ล็อกอิน คุณสามารถมีกิจกรรมร่วมกับเว็บไซต์ได้ แต่ต้องล็อกอินก่อน ::
  ล็อกอิน

รายการสื่อสารสนเทศ

ลำดับที่ ประเภท เลขเรียก/บาร์โค้ด สถานที่ สถานะ
- ไม่พบข้อมูล -

รายการใกล้เคียง
    หัวเรื่อง [ความสุข]
    หัวเรื่อง [การดำเนินชีวิต]

BibComment


ยังไม่เคยถูกคอมเมนท์

คอมเมนท์ทรัพยากรรายการนี้
  คอมเมนท์: แนวทางสู่ความสุข..


 Copyright 2026. Bcnsprnw @Library